| 000 | 01168nam a2200337 a 4500 | ||
|---|---|---|---|
| 001 | 86183 | ||
| 003 | BD-RjUL | ||
| 005 | 20260219104117.0 | ||
| 008 | 260219r20162003enk b 001 0 eng | ||
| 020 | _a9781784161859 | ||
| 035 | _a(BD-RjUL)86183 | ||
| 040 |
_aDLC _cDLC _dDLC _dBD-RjUL _beng |
||
| 041 | _aeng | ||
| 042 | _apcc | ||
| 082 | 0 | 0 |
_221 _a500 _bBRS 2016 |
| 100 | 1 |
_aBryson, Bill. _917735 |
|
| 245 | 1 | 2 |
_aA short history of nearly everything / _cBill Bryson. |
| 250 | _aBlack Swan edition reissued | ||
| 260 |
_aLondon ; _aIndia : _bTransworld Publishers, _c2016 |
||
| 300 |
_a666 p.: _bill.; _c20 cm. |
||
| 336 |
_atext _btxt _2rdacontent |
||
| 337 |
_aunmediated _bn _2rdamedia |
||
| 338 |
_avolume _bnc _2rdacarrier |
||
| 504 | _aIncludes bibliographical references and index. | ||
| 650 | 0 |
_aScience _vPopular works. _917736 |
|
| 856 | 4 | 1 |
_3Sample text _uhttp://www.loc.gov/catdir/samples/random045/2003046006.html |
| 856 | 4 | 2 |
_3Publisher description _uhttp://www.loc.gov/catdir/description/random0413/2003046006.html |
| 856 | 4 | 1 |
_3Table of contents _uhttp://www.loc.gov/catdir/toc/fy042/2003046006.html |
| 942 |
_2ddc _cBK |
||
| 999 |
_c86183 _d86183 |
||